000 01473nam0a22003131 4500
001 rc\3998391
005 20250611051633.0
021 _aRU
_b[56-33]
035 _a(NLR Aleph) 008071575
090 _a9066250
_c9066250
100 _a20130415d1955 |||y0rusy50 ca
101 0 _arus
102 _aRU
105 _aa z |||||
200 1 _aПролетные строения железнодорожных мостов из предварительно напряженного железобетона
_fПод ред. проф. Г.К. Евграфова
210 _aМосква
_cТрансжелдориздат
_d1955
215 _a332 с., 3 л. черт.
_cил.
_d22
300 _aПеред загл. авт.: Е.А. Троицкий, Н.Н. Богданов, Л.И. Иосилевский
606 _aПролетные строения, железобетонные, напряженно-армированные
_2psbo
700 1 _aТроицкий
_bЕ.А.
_gЕвгений Александрович
701 1 _aИосилевский
_bЛ.И.
_gЛев Израилевич
701 1 _7ca
_8rus
_aБогданов
_bН. Н.
_cд-р техн. наук, проектирование мостов
_gНиколай Николаевич
_9215744
_3RU\NLR\AUTH\770215800
702 1 _aЕвграфов
_bГ.К.
_4340
801 0 _aRU
_bNLR
_gpsbo
801 1 _aRU
_bELAR
_2rusmarc
852 _aNLR
_jТ-86 Г-5/566
942 _cBOOK
980 _aNB